1256 1229 1213 1734 1454 1868 1684 1920 1282 1746 1763 1847 1620 1174 1958 1821 1344 1642 1068 1450 1608 1697 1250 1849 1412 1270 1175 1167 1749 1861 1124 1920 1731 1025 1937 1322 1794 1836 1635 1575 1278 1221 1964 1249 1731 1418 1792 1323 1899 1321 1824 1379 1662 1661 1900 1344 1081 1632 1955 1757 1992 1540 1512 1304 1211 1245 1268 1652 1839 1227 1549 1916 1136 1676 1429 1776 1607 1203 1179 1529 1133 1425 1398 1332 1390 1976 1129 1568 1439 1356 1676 1288 1448 1402 2000 1017 1706 1534 1520 BCNSPRNW ULIB Ver.6.0+V

เปลี่ยนเป็นภาษาไทย

Change to English
 แสดงรายละเอียดบรรณานุกรม
  กลับหน้าหลัก

Brief Record : Get Marc (ISO 2709) : E-mail record : QR code < ปิดหน้าต่าง
LEADER : 00000nam 2200000uu 4500
001    13399128992
003     ULIB
008    250501s2567||||th 000 0 tha d
020 ^   ^a9786161153205
060 0   ^aWY159^bพ239ก
100 0   ^aพรทิพย์ ศิริบูรณ์พิพัฒนา,^eบรรณาธิการ.
245 1   ^aการพยาบาลเด็ก เล่ม 1 (ฉบับปรับปรุงครั้งที่ 2)/^cพรทิพย์ ศิริบูรณ์พิพัฒนา.
250 ^   ^aพิมพ์ครั้งที่1.
260 ^   ^aนนทบุรี:^bโครงการสวัสดิการวิชาการ,^c2567.
300 ^   ^a440 หน้า
650 ^   ^aการดูแลเด็ก
650 ^   ^aการพยาบาลกุมารเวชศาสตร์.
945    ^p340^l0^i011283
945    ^p340^l0^i011284
945    ^p340^l0^i011285
945    ^p340^l0^i011286
945    ^p340^l0^i011287
945    ^p340^l0^i011288
945    ^p340^l0^i011289
945    ^p340^l0^i011290
945    ^p340^l0^i011292
945    ^p340^l0^i011293
945    ^p340^l0^i011294
945    ^p340^l0^i011295
945    ^p340^l0^i011296
945    ^p340^l0^i011297
945    ^p340^l0^i011298
999    ^aประนอม เกษจรัล
รายการนี้ยังไม่มีแท็ก
คุณยังไม่ได้ล็อกอิน คุณสามารถมีกิจกรรมร่วมกับเว็บไซต์ได้ แต่ต้องล็อกอินก่อน ::
  ล็อกอิน

รายการสื่อสารสนเทศ

ลำดับที่ ประเภท เลขเรียก/บาร์โค้ด สถานที่ สถานะ
1. Book การพยาบาล
หนังสือสำรอง
สถานะ=หนังสือสำรอง
WY159 พ239ก ฉ.1 
  Barcode: 011283
ห้องสมุดวิทยาเขตสวรรค์ประชารักษ์
►หนังสือทั่วไป
บนชั้น
2. Book การพยาบาล
Book การพยาบาล
WY159 พ239ก ฉ.10 
  Barcode: 011293
ห้องสมุดวิทยาเขตสวรรค์ประชารักษ์
►หนังสือทั่วไป
บนชั้น
3. Book การพยาบาล
Book การพยาบาล
WY159 พ239ก ฉ.11 
  Barcode: 011294
ห้องสมุดวิทยาเขตสวรรค์ประชารักษ์
►หนังสือทั่วไป
บนชั้น
4. Book การพยาบาล
Book การพยาบาล
WY159 พ239ก ฉ.12 
  Barcode: 011295
ห้องสมุดวิทยาเขตสวรรค์ประชารักษ์
►หนังสือทั่วไป
บนชั้น
5. Book การพยาบาล
Book การพยาบาล
WY159 พ239ก ฉ.13 
  Barcode: 011296
ห้องสมุดวิทยาเขตสวรรค์ประชารักษ์
►หนังสือทั่วไป
บนชั้น
6. Book การพยาบาล
Book การพยาบาล
WY159 พ239ก ฉ.14 
  Barcode: 011297
ห้องสมุดวิทยาเขตสวรรค์ประชารักษ์
►หนังสือทั่วไป
บนชั้น
7. Book การพยาบาล
Book การพยาบาล
WY159 พ239ก ฉ.15 
  Barcode: 011298
ห้องสมุดวิทยาเขตสวรรค์ประชารักษ์
►หนังสือทั่วไป
บนชั้น
8. Book การพยาบาล
Book การพยาบาล
WY159 พ239ก ฉ.2 
  Barcode: 011284
ห้องสมุดวิทยาเขตสวรรค์ประชารักษ์
►หนังสือทั่วไป
บนชั้น
9. Book การพยาบาล
Book การพยาบาล
WY159 พ239ก ฉ.3 
  Barcode: 011285
ห้องสมุดวิทยาเขตสวรรค์ประชารักษ์
►หนังสือทั่วไป
บนชั้น
10. Book การพยาบาล
Book การพยาบาล
WY159 พ239ก ฉ.4 
  Barcode: 011286
ห้องสมุดวิทยาเขตสวรรค์ประชารักษ์
►หนังสือทั่วไป
บนชั้น
11. Book การพยาบาล
Book การพยาบาล
WY159 พ239ก ฉ.5 
  Barcode: 011287
ห้องสมุดวิทยาเขตสวรรค์ประชารักษ์
►หนังสือทั่วไป
บนชั้น
12. Book การพยาบาล
Book การพยาบาล
WY159 พ239ก ฉ.6 
  Barcode: 011288
ห้องสมุดวิทยาเขตสวรรค์ประชารักษ์
►หนังสือทั่วไป
ถูกยืม กำหนดส่งวันที่ 1 มกราคม 2569
  จอง
13. Book การพยาบาล
Book การพยาบาล
WY159 พ239ก ฉ.7 
  Barcode: 011289
ห้องสมุดวิทยาเขตสวรรค์ประชารักษ์
►หนังสือทั่วไป
บนชั้น
14. Book การพยาบาล
Book การพยาบาล
WY159 พ239ก ฉ.8 
  Barcode: 011290
ห้องสมุดวิทยาเขตสวรรค์ประชารักษ์
►หนังสือทั่วไป
บนชั้น
15. Book การพยาบาล
Book การพยาบาล
WY159 พ239ก ฉ.9 
  Barcode: 011292
ห้องสมุดวิทยาเขตสวรรค์ประชารักษ์
►หนังสือทั่วไป
บนชั้น

รายการใกล้เคียง
    หัวเรื่อง [การดูแลเด็ก]
    หัวเรื่อง [การพยาบาลกุมารเวชศาสตร์.]

BibComment


ยังไม่เคยถูกคอมเมนท์

คอมเมนท์ทรัพยากรรายการนี้
  คอมเมนท์: การพยาบาลเด็ก เ..


 Copyright 2026. Bcnsprnw @Library